00364nam a2200145Ia 4500003000400000008004100004040001600045082001300061100001700074245004300091260003800134300000900172650001600181650002100197GCL140319s9999 xx 000 0 eng d aGCL / cGCL04a152bC W1 aCARTHY, J. D10aTHE WORLD OF FEELINGS / cCARTHY, J. D a[S.N] : bPHOENIX HOUSE ، c1995 a64 P04aSENSEORGANS04aPSYCHOPHYSIOLOGY